[Event "Barcelona Sant Marti op 10th"]
[Site "Barcelona"]
[Date "2023.02.16"]
[Round "6"]
[White "Grammatico, Mauro"]
[Black "Vallbona Domingo, Joan"]
[Result "0-1"]
[WhiteElo "1649"]
[BlackElo "1892"]
[PlyCount "94"]
[EventDate "2023.01.12"]
[EventType "swiss"]
[EventRounds "9"]
[EventCountry "ESP"]
[SourceTitle "CBM 213 Extra"]
[Source "ChessBase"]
[SourceDate "2023.05.31"]
[SourceVersion "1"]
[SourceVersionDate "2023.05.31"]
[SourceQuality "1"]

1. e4 c5 2. Nc3 e6 3. f4 d5 4. Bb5+ Bd7 5. Bxd7+ Qxd7 6. d3 Nc6 7. Nf3 Nf6 8. 0-0 Be7 9. a3 Qc7 10. e5 Ng4 11. Qe1 g6 12. Nb5 Qb8 13. Nd6+ Bxd6 14. exd6 Qxd6 15. Qh4 h5 16. h3 Nh6 17. Qf6 Rf8 18. Be3 d4 19. Bd2 Qe7 20. Qxe7+ Nxe7 21. b4 Nc6 22. Ne5 cxb4 23. Nxc6 bxc6 24. Bxb4 Rg8 25. Bc5 Nf5 26. Rab1 f6 27. Rb7 g5 28. Rxa7 Rxa7 29. Bxa7 gxf4 30. Rxf4 Ne3 31. Rf2 e5 32. Bc5 Kf7 33. Re2 Ke6 34. c3 Kd5 35. cxd4 exd4 36. Be7 f5 37. a4 Rg7 38. Bb4 Rb7 39. Bd2 f4 40. a5 Rb3 41. Bxe3 Rb1+ 42. Kf2 fxe3+ 43. Kg3 Ra1 44. Kh4 c5 45. Kxh5 c4 46. dxc4+ Kxc4 47. g4 Kd3 0-1

[Event "Barcelona Sant Marti op 10th"]
[Site "Barcelona"]
[Date "2023.01.19"]
[Round "2"]
[White "Grammatico, Mauro"]
[Black "Vila Sero, Claudia"]
[Result "1/2-1/2"]
[WhiteElo "1649"]
[BlackElo "1396"]
[PlyCount "50"]
[EventDate "2023.01.12"]
[EventType "swiss"]
[EventRounds "9"]
[EventCountry "ESP"]
[SourceTitle "CBM 213 Extra"]
[Source "ChessBase"]
[SourceDate "2023.05.31"]
[SourceVersion "1"]
[SourceVersionDate "2023.05.31"]
[SourceQuality "1"]

1. e4 c5 2. Nc3 d6 3. f4 a6 4. a4 Nc6 5. Nf3 Bg4 6. h3 Bxf3 7. Qxf3 Nf6 8. Bc4 Nd4 9. Qd3 Nh5 10. 0-0 g6 11. Ne2 Nxe2+ 12. Qxe2 Ng3 13. Qf3 Nxf1 14. Kxf1 Bg7 15. f5 Rf8 16. Kg1 Qb6 17. Kh1 Rb8 18. Ra3 Qb4 19. Qd3 Qa5 20. Rb3 Kd7 21. Qd5 b5 22. axb5 axb5 23. Ra3 Qb6 24. Rb3 Qa5 25. Ra3 Qb6 1/2-1/2

[Event "Barcelona La Lira op 38th"]
[Site "Barcelona"]
[Date "2020.03.06"]
[Round "8"]
[White "Grammatico, Mauro"]
[Black "Escribano Rodriguez, Pedro"]
[Result "1/2-1/2"]
[WhiteElo "1649"]
[BlackElo "1915"]
[PlyCount "64"]
[EventDate "2020.01.17"]
[EventType "swiss"]
[EventRounds "8"]
[EventCountry "ESP"]
[SourceTitle "CBM 195 Extra"]
[Source "ChessBase"]
[SourceDate "2020.05.31"]
[SourceVersion "1"]
[SourceVersionDate "2020.05.31"]
[SourceQuality "1"]

1. e4 c5 2. Nc3 Nc6 3. f4 g6 4. Nf3 Bg7 5. Bc4 e6 6. 0-0 Nge7 7. Qe1 0-0 8. Bb3 d5 9. d3 b6 10. a4 Ba6 11. Nb5 dxe4 12. Qxe4 Bxb5 13. axb5 Nd4 14. Nxd4 Qxd4+ 15. Kh1 Rfd8 16. Qb7 Qd7 17. Qxd7 Rxd7 18. Bc4 h5 19. g3 Nf5 20. Ra2 Nd4 21. Rf2 Kf8 22. Ra4 a5 23. c3 Nf5 24. Bd2 Nd6 25. b4 Nxc4 26. dxc4 Rad8 27. Ra2 cxb4 28. cxb4 Bd4 29. Re2 axb4 30. Bxb4+ Kg7 31. Rac2 Rc7 32. Red2 Rdd7 1/2-1/2

[Event "Barcelona La Lira op 38th"]
[Site "Barcelona"]
[Date "2020.02.07"]
[Round "4"]
[White "Sanchez Coves, Juan Josep"]
[Black "Grammatico, Mauro"]
[Result "0-1"]
[WhiteElo "1509"]
[BlackElo "1649"]
[PlyCount "74"]
[EventDate "2020.01.17"]
[EventType "swiss"]
[EventRounds "8"]
[EventCountry "ESP"]
[SourceTitle "CBM 195 Extra"]
[Source "ChessBase"]
[SourceDate "2020.05.31"]
[SourceVersion "1"]
[SourceVersionDate "2020.05.31"]
[SourceQuality "1"]

1. e4 c6 2. Nf3 d5 3. e5 Bg4 4. d4 e6 5. Nbd2 Nd7 6. c3 Ne7 7. h3 Bh5 8. Bd3 Bg6 9. Nb3 Qb6 10. Bg5 Bxd3 11. Qxd3 c5 12. dxc5 Nxc5 13. Nxc5 Qxc5 14. Qd4 Qb5 15. Qd2 Nc6 16. Qe2 Qb6 17. 0-0 Bc5 18. b4 Be7 19. Bxe7 Kxe7 20. a4 Qc7 21. Qe3 h6 22. Qc5+ Kd7 23. b5 Na5 24. Qxc7+ Kxc7 25. Nd2 Rac8 26. f4 Kd7 27. Rf3 Nc4 28. Nxc4 Rxc4 29. Ra3 Rhc8 30. a5 R8c5 31. Rb3 Ra4 32. a6 b6 33. Kf2 Ra5 34. g4 Raxb5 35. Rb4 Rxb4 36. cxb4 Rc4 37. Rb3 Rxf4+ 0-1

[Event "Barcelona La Lira op 38th"]
[Site "Barcelona"]
[Date "2020.01.24"]
[Round "2"]
[White "Elias Arguelles, Manuel"]
[Black "Grammatico, Mauro"]
[Result "1-0"]
[WhiteElo "1466"]
[BlackElo "1649"]
[PlyCount "161"]
[EventDate "2020.01.17"]
[EventType "swiss"]
[EventRounds "8"]
[EventCountry "ESP"]
[SourceTitle "CBM 195 Extra"]
[Source "ChessBase"]
[SourceDate "2020.05.31"]
[SourceVersion "1"]
[SourceVersionDate "2020.05.31"]
[SourceQuality "1"]

1. Nf3 g6 2. e3 Bg7 3. d4 f5 4. Nbd2 Nf6 5. Be2 0-0 6. 0-0 d6 7. c4 Qe8 8. Qc2 e5 9. Rd1 e4 10. Ne1 Bh6 11. g3 Nc6 12. a3 Qf7 13. Ng2 Ng4 14. Nf1 Bd7 15. b4 Nd8 16. Bb2 Ne6 17. h3 Nf6 18. d5 Ng5 19. Kh2 Qe7 20. Nf4 Bg7 21. Nd2 Qe8 22. h4 Nf7 23. Nb3 Ne5 24. Nd4 Ba4 25. Nb3 Nfg4+ 26. Kg2 Qe7 27. Ne6 Rfc8 28. Nxg7 Qxg7 29. Bxg4 fxg4 30. Qc3 Qf6 31. Rd2 Qf3+ 32. Kg1 Bxb3 33. Qxb3 Rf8 34. Bxe5 dxe5 35. c5 Kg7 36. Qc3 Rf5 37. d6 cxd6 38. cxd6 Kh6 39. d7 Rff8 40. Qxe5 Qf5 41. Qxf5 gxf5 42. Rd6+ Kg7 43. Rad1 Rad8 44. Rc1 Rb8 45. Rc7 Rfd8 46. Rc5 Rf8 47. h5 a6 48. Rc7 Rfd8 49. h6+ Kf7 50. Rb6 Ke7 51. Rbxb7 Rxb7 52. Rxb7 Rxd7 53. Rb6 Rd6 54. Rb7+ Rd7 55. Rb8 Rd6 56. Kf1 Rxh6 57. Rb7+ Kd8 58. Rf7 Rh1+ 59. Kg2 Ra1 60. Rxf5 Rxa3 61. Rf4 h5 62. Rxe4 Ra4 63. Re6 Rxb4 64. Rxa6 Rb5 65. Ra7 Re5 66. Rh7 Ke8 67. Kf1 Kf8 68. Ke2 Kg8 69. Ra7 Rd5 70. e4 Rb5 71. Rd7 Rb2+ 72. Ke3 Rb3+ 73. Ke2 Rb4 74. Ke3 Rb3+ 75. Rd3 Rxd3+ 76. Kxd3 Kf7 77. Ke3 Ke7 78. Kf4 Kf6 79. e5+ Ke6 80. Kg5 Kxe5 81. Kxh5 1-0

[Event "Foment Martinenc op-B 21st"]
[Site "Barcelona"]
[Date "2019.06.08"]
[Round "7"]
[White "Grammatico, Mauro"]
[Black "Lema Navalon, Eric"]
[Result "0-1"]
[WhiteElo "1630"]
[BlackElo "1619"]
[PlyCount "114"]
[EventDate "2019.04.27"]
[EventType "swiss"]
[EventRounds "9"]
[EventCountry "ESP"]
[SourceTitle "EXT 2020"]
[Source "ChessBase"]
[SourceDate "2019.10.17"]
[SourceVersion "1"]
[SourceVersionDate "2019.10.17"]
[SourceQuality "1"]

1. e4 e6 2. d4 d5 3. e5 c5 4. c3 Qb6 5. Nf3 Nc6 6. Be2 Nh6 7. Bd3 Bd7 8. Bc2 cxd4 9. cxd4 Nf5 10. Bxf5 exf5 11. 0-0 Rc8 12. Nc3 Be6 13. b3 Nxe5 14. Nxe5 Rxc3 15. Bb2 Rc8 16. Rc1 Rxc1 17. Qxc1 Bd6 18. f4 0-0 19. Qd1 Rc8 20. Rf3 Qa5 21. a4 Qc7 22. Rf2 f6 23. Nd3 Bf7 24. Qf3 Re8 25. g4 Qd7 26. g5 Qe6 27. gxf6 Qxf6 28. Ne5 Be6 29. Qh5 Bf7 30. Qe2 Bxe5 31. fxe5 Qh4 32. Rxf5 Bg6 33. Rf2 Be4 34. Ba3 Qh3 35. Qf1 Qg4+ 36. Rg2 Qxg2+ 37. Qxg2 Bxg2 38. Kxg2 Kf7 39. a5 a6 40. Kf3 Rc8 41. Bc5 Rc6 42. Kf4 Rh6 43. Kf5 g6+ 44. Kg5 Rxh2 45. b4 Ke6 46. Bf8 Rh5+ 47. Kg4 Rf5 48. Bh6 Rf7 49. Kg5 Rc7 50. Bf8 Rc8 51. Bd6 h5 52. Bc5 Rh8 53. Kh4 g5+ 54. Kh3 h4 55. b5 g4+ 56. Kxg4 h3 57. bxa6 bxa6 0-1

[Event "Foment Martinenc op-B 21st"]
[Site "Barcelona"]
[Date "2019.06.01"]
[Round "6"]
[White "Mena Barberan, Joan Pere"]
[Black "Grammatico, Mauro"]
[Result "1/2-1/2"]
[WhiteElo "1647"]
[BlackElo "1630"]
[PlyCount "121"]
[EventDate "2019.04.27"]
[EventType "swiss"]
[EventRounds "9"]
[EventCountry "ESP"]
[SourceTitle "EXT 2020"]
[Source "ChessBase"]
[SourceDate "2019.10.17"]
[SourceVersion "1"]
[SourceVersionDate "2019.10.17"]
[SourceQuality "1"]

1. d4 f5 2. Nc3 Nf6 3. Bg5 e6 4. e4 h6 5. Bxf6 Qxf6 6. e5 Qf7 7. Nf3 Bb4 8. Be2 b6 9. Nh4 h5 10. 0-0 Bxc3 11. bxc3 Ba6 12. c4 Nc6 13. c3 Na5 14. Qa4 g5 15. Nf3 Qe7 16. Nd2 g4 17. Rfe1 Qg5 18. Rad1 Qg6 19. Nb3 Nxb3 20. Qxa6 Na5 21. d5 0-0 22. Qb5 c6 23. Qa4 Rfd8 24. Bf1 h4 25. dxe6 dxe6 26. c5 Qg7 27. Rd6 Rxd6 28. cxd6 Rd8 29. Qf4 Nb7 30. Bc4 Nc5 31. f3 Rd7 32. fxg4 Qxg4 33. Qxg4+ fxg4 34. g3 hxg3 35. hxg3 Rg7 36. Re3 Kf8 37. Kg2 Ke8 38. Bb3 Rg5 39. Re1 Kd7 40. Bc2 b5 41. Re3 a5 42. Re1 Nb7 43. Bd1 Nd8 44. Re4 Nf7 45. Bxg4 Nxe5 46. Be2 Kxd6 47. Rd4+ Ke7 48. g4 c5 49. Re4 b4 50. cxb4 axb4 51. Kg3 Kd6 52. Kf4 Nf7 53. Bc4 e5+ 54. Kg3 Rg7 55. Re1 Ng5 56. Rd1+ Ke7 57. Rd5 Kf6 58. Rd6+ Ke7 59. Rd5 Kf6 60. Rd6+ Ke7 61. Rd5 1/2-1/2

[Event "Barcelona La Lira op 37th"]
[Site "Barcelona"]
[Date "2019.02.15"]
[Round "5"]
[White "Padin Jimenez, Oriol"]
[Black "Grammatico, Mauro"]
[Result "1/2-1/2"]
[WhiteElo "1427"]
[BlackElo "1636"]
[PlyCount "59"]
[EventDate "2019.01.18"]
[EventType "swiss"]
[EventRounds "8"]
[EventCountry "ESP"]
[SourceTitle "CBM 189 Extra"]
[Source "ChessBase"]
[SourceDate "2019.06.03"]
[SourceVersion "1"]
[SourceVersionDate "2019.06.03"]
[SourceQuality "1"]

1. e4 c6 2. d4 d5 3. Nd2 dxe4 4. Nxe4 Bf5 5. Ng3 Bg6 6. Nf3 Nd7 7. Bd3 e6 8. 0-0 Qc7 9. b3 Ngf6 10. c4 Bxd3 11. Qxd3 Be7 12. Bb2 Rd8 13. Qe2 0-0 14. Rac1 Rfe8 15. Rfd1 Bd6 16. Ne5 c5 17. Re1 cxd4 18. Bxd4 Nxe5 19. Bxe5 Bxe5 20. Qxe5 Qxe5 21. Rxe5 Rd2 22. Re2 Red8 23. Kf1 Ng4 24. Ke1 R2d3 25. h3 Nf6 26. Ne4 Nd7 27. Rcc2 Nc5 28. f3 Rd1+ 29. Kf2 Nxe4+ 30. Rxe4 1/2-1/2

[Event "Barcelona La Lira op 37th"]
[Site "Barcelona"]
[Date "2019.02.01"]
[Round "3"]
[White "Bieg Pagel, Clemens"]
[Black "Grammatico, Mauro"]
[Result "1-0"]
[WhiteElo "1788"]
[BlackElo "1636"]
[PlyCount "65"]
[EventDate "2019.01.18"]
[EventType "swiss"]
[EventRounds "8"]
[EventCountry "ESP"]
[SourceTitle "CBM 189 Extra"]
[Source "ChessBase"]
[SourceDate "2019.06.03"]
[SourceVersion "1"]
[SourceVersionDate "2019.06.03"]
[SourceQuality "1"]

1. e4 c6 2. Nc3 d5 3. Nf3 Bg4 4. h3 Bxf3 5. Qxf3 e6 6. d3 Nd7 7. a3 Ngf6 8. g4 g6 9. Bg2 Bg7 10. 0-0 0-0 11. Qg3 dxe4 12. dxe4 e5 13. Be3 Qc7 14. b4 a6 15. Na4 Ne8 16. Rac1 Nd6 17. Rfd1 Nc4 18. Nc5 Nxc5 19. Bxc5 Rfd8 20. Qc3 b5 21. Bf1 Bh6 22. Ra1 Nd2 23. Bd3 Nf3+ 24. Kh1 Rd7 25. Bxb5 cxb5 26. Qxf3 Bf4 27. Rxd7 Qxd7 28. Rd1 Qc7 29. Rd6 a5 30. Qd1 axb4 31. axb4 Bg5 32. Qd5 Re8 33. Rd7 1-0

[Event "Barcelona La Lira op 37th"]
[Site "Barcelona"]
[Date "2019.01.25"]
[Round "2"]
[White "Grammatico, Mauro"]
[Black "Alcaraz Salas, Ricard"]
[Result "1/2-1/2"]
[WhiteElo "1636"]
[BlackElo "1641"]
[PlyCount "47"]
[EventDate "2019.01.18"]
[EventType "swiss"]
[EventRounds "8"]
[EventCountry "ESP"]
[SourceTitle "CBM 189 Extra"]
[Source "ChessBase"]
[SourceDate "2019.06.03"]
[SourceVersion "1"]
[SourceVersionDate "2019.06.03"]
[SourceQuality "1"]

1. e4 c5 2. Nc3 e6 3. f4 d5 4. Nf3 dxe4 5. Bb5+ Bd7 6. Bxd7+ Nxd7 7. Nxe4 Ngf6 8. d3 Nxe4 9. dxe4 Nf6 10. Qe2 Qb6 11. Qc4 Qb4+ 12. Qxb4 cxb4 13. e5 Nd5 14. Bd2 Rc8 15. 0-0-0 Bc5 16. Rhe1 0-0 17. Ng5 Rc6 18. Ne4 Rfc8 19. Kb1 Be7 20. Nd6 Bxd6 21. exd6 Rxd6 22. Bxb4 Rdc6 23. c3 g6 24. g3 1/2-1/2

[Event "Barcelona La Lira op 36th"]
[Site "Barcelona"]
[Date "2018.02.09"]
[Round "4.11"]
[White "Martinez Hernandez, Emili"]
[Black "Grammatico, Mauro"]
[Result "1/2-1/2"]
[WhiteElo "1729"]
[BlackElo "1622"]
[PlyCount "71"]
[EventDate "2018.01.19"]
[EventType "swiss"]
[EventRounds "8"]
[EventCountry "ESP"]
[SourceTitle "EXT 2024"]
[Source "ChessBase"]
[SourceDate "2023.10.10"]
[SourceVersion "1"]
[SourceVersionDate "2023.10.10"]
[SourceQuality "1"]

1. e4 e5 2. f4 exf4 3. Nf3 d6 4. d4 g5 5. h4 g4 6. Ng5 h6 7. Nxf7 Kxf7 8. Bc4+ Kg7 9. Bxf4 h5 10. Qd2 Be7 11. g3 Nd7 12. Nc3 Nf8 13. Nd5 Be6 14. 0-0-0 c6 15. Nxe7 Qxe7 16. d5 Bf7 17. Qd4+ Nf6 18. Rhe1 c5 19. Qc3 N8d7 20. e5 Nxe5 21. Bxe5 dxe5 22. Rxe5 Qd6 23. Rf1 Rae8 24. Rg5+ Bg6 25. Bd3 Rh6 26. Bxg6 Rxg6 27. Rxh5 Re3 28. Qxe3 Nxh5 29. Qe8 Nf6 30. Qe2 Qxd5 31. Qe7+ Qf7 32. Qxc5 Qxa2 33. Qc7+ Qf7 34. Qe5 Qe8 35. Qc3 Qc6 36. Qe5 1/2-1/2

[Event "Foment Martinenc op-B 19st"]
[Site "Barcelona"]
[Date "2017.06.03"]
[Round "7.10"]
[White "Grammatico, Mauro"]
[Black "Taltavull Hidalgo, Artur"]
[Result "1-0"]
[WhiteElo "1596"]
[BlackElo "1571"]
[PlyCount "49"]
[EventDate "2017.04.22"]
[EventType "swiss"]
[EventRounds "9"]
[EventCountry "ESP"]
[SourceTitle "EXT 2024"]
[Source "ChessBase"]
[SourceDate "2023.10.10"]
[SourceVersion "1"]
[SourceVersionDate "2023.10.10"]
[SourceQuality "1"]

1. e4 c5 2. Nc3 d6 3. f4 g6 4. Nf3 Bg7 5. Bc4 Nf6 6. 0-0 0-0 7. Qe1 Nc6 8. d3 Nd4 9. Nxd4 cxd4 10. Nb1 a6 11. Bb3 Ng4 12. Qg3 Ne3 13. Bxe3 dxe3 14. c3 Qb6 15. Re1 e2+ 16. Kh1 a5 17. Rxe2 a4 18. Bc4 Qa5 19. a3 e6 20. Nd2 Bd7 21. Nf3 Bb5 22. Bxb5 Qxb5 23. Nh4 Bf6 24. Rd2 Rfd8 25. Rf1 1-0

[Event "Foment Martinenc op-B 19st"]
[Site "Barcelona"]
[Date "2017.05.27"]
[Round "6.11"]
[White "Alvarez Albiol, Daniel"]
[Black "Grammatico, Mauro"]
[Result "1/2-1/2"]
[WhiteElo "1553"]
[BlackElo "1596"]
[PlyCount "48"]
[EventDate "2017.04.22"]
[EventType "swiss"]
[EventRounds "9"]
[EventCountry "ESP"]
[SourceTitle "EXT 2024"]
[Source "ChessBase"]
[SourceDate "2023.10.10"]
[SourceVersion "1"]
[SourceVersionDate "2023.10.10"]
[SourceQuality "1"]

1. e4 e5 2. Nf3 Nc6 3. Bb5 a6 4. Ba4 Nf6 5. d3 d6 6. c3 b5 7. Bb3 Be7 8. 0-0 Na5 9. Bc2 c5 10. Nbd2 Nc6 11. Re1 0-0 12. h3 Bd7 13. Nf1 Re8 14. Ng3 h6 15. Be3 Bf8 16. d4 Qc7 17. d5 Na5 18. b3 Rac8 19. Rc1 Nb7 20. b4 a5 21. a3 Qb6 22. Qd2 Qd8 23. Bb1 Kh8 24. Nf1 Kg8 1/2-1/2

[Event "Foment Martinenc op-B 17th"]
[Site "Barcelona"]
[Date "2015.06.13"]
[Round "8"]
[White "Torralba Brosa, Marc"]
[Black "Grammatico, Mauro"]
[Result "1-0"]
[WhiteElo "1968"]
[BlackElo "1882"]
[PlyCount "47"]
[EventDate "2015.04.25"]
[EventType "swiss"]
[EventRounds "9"]
[EventCountry "ESP"]
[SourceTitle "EXT 2017"]
[Source "ChessBase"]
[SourceDate "2016.10.25"]
[SourceVersion "1"]
[SourceVersionDate "2016.10.25"]
[SourceQuality "1"]

1. e4 e5 2. Nf3 Nc6 3. Bb5 a6 4. Ba4 Nf6 5. d4 exd4 6. e5 Ne4 7. Nxd4 Nxd4 8. Qxd4 Nc5 9. Nc3 Nxa4 10. Qxa4 Be7 11. Qg4 g6 12. Bh6 d5 13. Qf3 Be6 14. Rd1 c6 15. Ne4 Qc7 16. Nf6+ Bxf6 17. Qxf6 Kd7 18. Bg5 Rae8 19. 0-0 h5 20. c4 Kc8 21. cxd5 Bd7 22. Rc1 Qxe5 23. dxc6 Be6 24. Qxe5 1-0

[Event "Foment Martinenc op-B 17th"]
[Site "Barcelona"]
[Date "2015.05.16"]
[Round "4"]
[White "Grammatico, Mauro"]
[Black "Arcas Rodriguez, Jordi"]
[Result "0-1"]
[WhiteElo "1882"]
[BlackElo "1825"]
[PlyCount "40"]
[EventDate "2015.04.25"]
[EventType "swiss"]
[EventRounds "9"]
[EventCountry "ESP"]
[SourceTitle "EXT 2017"]
[Source "ChessBase"]
[SourceDate "2016.10.25"]
[SourceVersion "1"]
[SourceVersionDate "2016.10.25"]
[SourceQuality "1"]

1. e4 c5 2. Nc3 Nc6 3. f4 d5 4. exd5 Nb4 5. Bc4 Nf6 6. Nf3 Nbxd5 7. Nxd5 Nxd5 8. Ne5 e6 9. Bb5+ Ke7 10. Qh5 g6 11. Qh4+ Nf6 12. 0-0 Bg7 13. d3 a6 14. Ba4 Qd4+ 15. Qf2 Qxa4 16. Qxc5+ Ke8 17. b3 Qb5 18. Qd4 Qd5 19. Qb4 Nd7 20. Nxd7 Qd4+ 0-1

[Event "Foment Martinenc op-B 17th"]
[Site "Barcelona"]
[Date "2015.04.25"]
[Round "1"]
[White "Grammatico, Mauro"]
[Black "Lliberia Blasco, Josep Lluis"]
[Result "0-1"]
[WhiteElo "1882"]
[BlackElo "2005"]
[PlyCount "72"]
[EventDate "2015.04.25"]
[EventType "swiss"]
[EventRounds "9"]
[EventCountry "ESP"]
[SourceTitle "EXT 2017"]
[Source "ChessBase"]
[SourceDate "2016.10.25"]
[SourceVersion "1"]
[SourceVersionDate "2016.10.25"]
[SourceQuality "1"]

1. e4 c5 2. Nc3 a6 3. f4 e6 4. Nf3 Nc6 5. a4 d5 6. e5 f6 7. d3 Qc7 8. Qe2 Be7 9. g3 f5 10. Bg2 Bd7 11. b3 Rc8 12. 0-0 Nd4 13. Qd1 Nxf3+ 14. Bxf3 Nh6 15. g4 fxg4 16. Bxg4 Nxg4 17. Qxg4 g6 18. Ne2 c4 19. bxc4 Qb6+ 20. Kh1 dxc4 21. d4 Bxa4 22. c3 Bc6+ 23. Kg1 Kd7 24. Bd2 Qb5 25. Rfb1 Qd5 26. Kf1 h5 27. Qg1 h4 28. Ke1 h3 29. Kd1 Qg2 30. Be3 Bf3 31. Bf2 Bh4 32. Ke1 Rcf8 33. Qxg2 hxg2 34. Bxh4 Rxh4 35. Ng1 Be4 36. Rb2 Rhxf4 0-1

[Event "Barcelona La Lira op 33rd"]
[Site "Barcelona"]
[Date "2015.03.13"]
[Round "9"]
[White "Ros Montes, Daniel"]
[Black "Grammatico, Mauro"]
[Result "1-0"]
[WhiteElo "1840"]
[BlackElo "1571"]
[PlyCount "83"]
[EventDate "2015.01.16"]
[EventType "swiss"]
[EventRounds "9"]
[EventCountry "ESP"]
[SourceTitle "EXT 2016"]
[Source "ChessBase"]
[SourceDate "2015.10.08"]
[SourceVersion "1"]
[SourceVersionDate "2015.10.08"]
[SourceQuality "1"]

1. c4 e5 2. g3 Nf6 3. Nc3 d5 4. cxd5 Nxd5 5. Bg2 Nb6 6. Nf3 Nc6 7. 0-0 Be7 8. a3 0-0 9. b4 a6 10. d3 f5 11. Qb3+ Kh8 12. Bb2 Bf6 13. Rac1 Qd6 14. Qc2 Be6 15. e3 Qd7 16. Rfd1 Qf7 17. Qe2 g5 18. Re1 Rae8 19. b5 axb5 20. Nxb5 h6 21. d4 Bc4 22. Rxc4 Nxc4 23. d5 Nxb2 24. dxc6 bxc6 25. Qxb2 cxb5 26. Qxb5 h5 27. Rd1 g4 28. Ne1 h4 29. Bd5 Qe7 30. a4 hxg3 31. hxg3 Rd8 32. Ra1 Qd7 33. Qxd7 Rxd7 34. Be6 e4 35. Rb1 Rd6 36. Bxf5 c5 37. Bxe4 c4 38. a5 c3 39. Nc2 Rfd8 40. Rb6 Rxb6 41. axb6 Be5 42. b7 1-0

[Event "Barcelona Catalunya op 26th"]
[Site "Barcelona"]
[Date "2014.11.22"]
[Round "8"]
[White "Grammatico, Mauro"]
[Black "Fernandez Garcia, Jesus"]
[Result "1/2-1/2"]
[WhiteElo "1771"]
[BlackElo "1867"]
[PlyCount "144"]
[EventDate "2014.09.27"]
[EventType "swiss"]
[EventRounds "9"]
[EventCountry "ESP"]
[SourceTitle "EXT 2017"]
[Source "ChessBase"]
[SourceDate "2016.10.25"]
[SourceVersion "1"]
[SourceVersionDate "2016.10.25"]
[SourceQuality "1"]

1. e4 e5 2. Nf3 Nc6 3. Bc4 Nf6 4. Ng5 d5 5. exd5 Nxd5 6. d4 h6 7. Nxf7 Kxf7 8. Qf3+ Qf6 9. Qxd5+ Be6 10. Qd7+ Be7 11. Bxe6+ Qxe6 12. Qxe6+ Kxe6 13. dxe5 Nd4 14. Kd1 Rad8 15. Bd2 Rhf8 16. f4 g5 17. c3 Nf5 18. Ke2 Nh4 19. g3 Ng6 20. Rf1 gxf4 21. gxf4 Rf5 22. Ke3 Nxe5 23. Ke2 Ng4 24. h3 Nf6 25. Be3 Rg8 26. Nd2 Nd5 27. Rg1 Nxf4+ 28. Bxf4 Rxg1 29. Rxg1 Rxf4 30. Rg6+ Rf6 31. Rxf6+ Kxf6 32. Kf3 Kg5 33. Ne4+ Kh4 34. Kg2 a5 35. Ng3 Bg5 36. Nf5+ Kh5 37. Kg3 b5 38. Nd4 b4 39. cxb4 axb4 40. a4 bxa3 41. bxa3 c5 42. Nb5 c4 43. a4 Bd2 44. Nd4 Be3 45. Nc2 Ba7 46. a5 Kg5 47. a6 h5 48. h4+ Kf5 49. Kf3 Ke5 50. Nb4 Kd6 51. Kf4 Kc5 52. Nc2 Kb5 53. Kg5 Kxa6 54. Kxh5 Kb5 55. Kg4 Ka4 56. h5 Kb3 57. Ne1 Bf2 58. Nf3 c3 59. h6 c2 60. h7 c1Q 61. h8Q Qc4+ 62. Kf5 Qd3+ 63. Kg4 Qe4+ 64. Kg5 Be3+ 65. Kh5 Qxf3+ 66. Kg6 Qe4+ 67. Kf7 Qd5+ 68. Kg6 Qg5+ 69. Kf7 Kc4 70. Qc8+ Kd4 71. Qd7+ Ke4 72. Qe6+ Kd4 1/2-1/2

[Event "Barcelona Catalunya op 26th"]
[Site "Barcelona"]
[Date "2014.11.08"]
[Round "6"]
[White "Grammatico, Mauro"]
[Black "Gonzalez Canovas, Sebastian"]
[Result "1/2-1/2"]
[WhiteElo "1771"]
[BlackElo "1858"]
[PlyCount "124"]
[EventDate "2014.09.27"]
[EventType "swiss"]
[EventRounds "9"]
[EventCountry "ESP"]
[SourceTitle "EXT 2017"]
[Source "ChessBase"]
[SourceDate "2016.10.25"]
[SourceVersion "1"]
[SourceVersionDate "2016.10.25"]
[SourceQuality "1"]

1. e4 c5 2. Nc3 Nc6 3. f4 g6 4. Nf3 Bg7 5. Bb5 e6 6. 0-0 Nge7 7. d3 a6 8. Ba4 b5 9. Bb3 d6 10. a3 Nd4 11. Nxd4 Bxd4+ 12. Kh1 Bg7 13. Qe1 Nc6 14. Ne2 0-0 15. Qg3 Na5 16. Ba2 c4 17. d4 Nc6 18. c3 Ne7 19. Ng1 d5 20. e5 Nf5 21. Qh3 Qh4 22. Bb1 Qxh3 23. Nxh3 f6 24. Bxf5 gxf5 25. Rf3 Bd7 26. Bd2 Be8 27. Rg1 Bh5 28. Rg3 Kh8 29. Re1 Rae8 30. exf6 Bxf6 31. Rge3 Bf7 32. Ng5 Bxg5 33. fxg5 Kg7 34. h4 Re7 35. Rh3 Bh5 36. Bf4 Rfe8 37. Rhe3 Kf7 38. g3 a5 39. a4 b4 40. cxb4 axb4 41. a5 Ra7 42. Ra1 Rea8 43. Rae1 Ra6 44. Bc7 Rc6 45. Bb6 c3 46. bxc3 bxc3 47. Bc5 Rxa5 48. Rxc3 Ra4 49. Rb3 Rc7 50. Rb6 Bf3+ 51. Kg1 Be4 52. Kf2 Kg6 53. Rxe6+ Kf7 54. Rd6 Ra2+ 55. Re2 Ra8 56. h5 Rg8 57. Rf6+ Ke8 58. g6 hxg6 59. hxg6 Rcg7 60. Ra2 Rxg6 61. Ra8+ Kd7 62. Ra7+ Kc8 1/2-1/2